00533nam a2200169Ia 4500008004100000020001800041041000800059082001700067100002100084245003400105250000600139260003800145300001200183650002000195999001900215952012900234210716s2004 xx 000 0 und d a9788131500439 aeng a621.395 ROTC aRoth, Charles H. aFundamentals of logic design. a5 aNew DelhibCengage Learningc2004 axxi,687 aDigital Systems c193060d193060 001040708MCAaAIMITbAIMITeAthulya Booksg510.00l0o621.395 ROTCpMCA12568r2025-07-21 00:00:00v382.50w2021-07-16yBK